| 000 | 00627 a2200241 4500 | ||
|---|---|---|---|
| 003 | 0199100 | ||
| 005 | 20251011133131.0 | ||
| 020 | _a9781032537504 | ||
| 040 | _erda | ||
| 050 |
_aJZ 5578 _b.J64 2024 |
||
| 100 | _4Johnson-Freese Joan | ||
| 245 |
_awomen, Peace and Security _bAn Introduction/ _cJoan Johnson-Freese |
||
| 250 | _a2nd Ed. | ||
| 260 |
_aMilton Park _bRoutledge _c2024 |
||
| 264 |
_aMilton Park _bRoutledge _c2024 |
||
| 300 |
_axiii, 236p.: _bill. |
||
| 336 | _2rdacontent | ||
| 338 | _2rdacarrier | ||
| 500 | _aindex | ||
| 504 | _aindex | ||
| 650 | _2Women and peace, women and war | ||
| 942 |
_2lcc _cBK |
||
| 999 |
_c43691 _d43691 |
||